004230000a2200157000450000500170000094200090001710000160002624500370004225000090007926000350008830000100012304000080013365000190014199900190016095200860017920120302064005.0 cBOOK a Swami,Rama a Book of wisdom (Kathopanishada) a 2nd aKanpur:Himalayan International a192p. aEng aKathopanishada c360990d360987 00104070aIOSbIOSd2009-12-02l0pIOS-E 22041r2009-12-02 00:00:00w2009-12-02